LEADER 01359nam2-2200397---450 001 990002977010203316 005 20220518101851.0 035 $a000297701 035 $aUSA01000297701 035 $a(ALEPH)000297701USA01 035 $a000297701 100 $a20070925d1978----km-y0itay50------ba 101 $afre 102 $aFR 105 $aa---||||001yy 200 1 $a1. : Introduction générale$fpar Jean-Claude Poursat$aÉcriture hiéroglyphique crétoise$fpar Louis Godart et Jean-Pierre Olivier 210 $aParis$cLibrairie orientaliste Paul Geuthner$d1978 215 $a220 p., 32 p. di tavole, 1 carta topografica ripiegata$cill.$d29 cm 225 2 $aÉtudes crétoises$v23 300 $aIn testa al frontespizio: École française d'Athènes 410 0$12001$aÉtudes crétoises$v23 454 1$12001 461 1$1001000297699$12001$aFouilles exécutées à Mallia 606 0 $aScavi archeologici$yMalia 676 $a939.18 700 1$aPOURSAT,$bJean-Claude$0216517 702 1$aGODART,$bLouis <1945- > 702 1$aOLIVIER,$bJean-Pierre 801 0$aIT$bsalbc$gISBD 912 $a990002977010203316 951 $aXI.3.B. 435/1$b199142 L.M.$cXI.3.B.$d00161011 959 $aBK 969 $aUMA 996 $aÉcriture hiéroglyphique crétoise$91027207 996 $aIntroduction générale$91027206 997 $aUNISA LEADER 02675nam 2200685 450 001 9910787198103321 005 20230803204701.0 010 $a3-11-037725-X 010 $a3-11-036448-4 024 7 $a10.1515/9783110364484 035 $a(CKB)3710000000229252 035 $a(EBL)1652314 035 $a(SSID)ssj0001349699 035 $a(PQKBManifestationID)11860912 035 $a(PQKBTitleCode)TC0001349699 035 $a(PQKBWorkID)11403276 035 $a(PQKB)11574625 035 $a(MiAaPQ)EBC1652314 035 $a(DE-B1597)427059 035 $a(OCoLC)890070991 035 $a(OCoLC)891762026 035 $a(DE-B1597)9783110364484 035 $a(Au-PeEL)EBL1652314 035 $a(CaPaEBR)ebr11014007 035 $a(CaONFJC)MIL806072 035 $a(EXLCZ)993710000000229252 100 $a20150210h20142014 uy 0 101 0 $aeng 135 $aurnn#---|u||u 181 $ctxt 182 $cc 183 $acr 200 10$aColloquial Israeli Hebrew $ea corpus-based survey /$fNurit Dekel 210 1$aBerlin, [Germany] ;$aBoston, [Massachusetts] :$cWalter de Gruyter GmbH,$d2014. 210 4$d©2014 215 $a1 online resource (248 p.) 225 1 $aTrends in Linguistics. Studies and Monographs,$x1861-4302 ;$vVolume 279 300 $aDescription based upon print version of record. 311 0 $a3-11-036449-2 311 0 $a3-11-036178-7 320 $aIncludes bibliographical references and index. 327 $tFront matter --$tContents --$tPreface --$t1. Israeli Hebrew - an introduction --$t2. Israeli Hebrew phonology --$t3. Israeli Hebrew morphology --$t4. Parts of speech --$t5. Syntax --$t6. The correlation between form and meaning --$t7. Discourse structure in Israeli Hebrew --$t8. Appendices --$t9. Bibliography --$tIndex 330 $aThere is no written grammar of Colloquial Israeli Hebrew whatsoever. This book is the first written grammar of the spontaneous language spoken in Israel that describes Colloquial Israeli Hebrew from a synchronic point of view, and that is not a text book based on normative Hebrew rules. 410 0$aTrends in linguistics.$pStudies and monographs ;$vVolume 279. 606 $aHebrew language$xGrammar 606 $aHebrew language$zIsrael 610 $aCorpus Study. 610 $aSpoken Israeli Hebrew. 615 0$aHebrew language$xGrammar. 615 0$aHebrew language 676 $a492.45 686 $aEM 5800$2rvk 700 $aDekel$b Nurit$01583603 801 0$bMiAaPQ 801 1$bMiAaPQ 801 2$bMiAaPQ 906 $aBOOK 912 $a9910787198103321 996 $aColloquial Israeli Hebrew$93866889 997 $aUNINA